10 countries least guessed in Countries 1 Min Sprint - Statistics

General Stats
  • This quiz has been taken 23 times
  • The average score is 5 of 10
Answer Stats
Ranking Country % Correct
7 Equatorial Guinea
57%
6 Kyrgyzstan
57%
5 Marshall Islands
57%
2 Tajikistan
57%
4 Mauritius
52%
9 Solomon Islands
52%
1 Turkmenistan
52%
3 Sierra Leone
43%
8 Burkina Faso
24%
10 Ivory Coast
19%
No matching quizzes found
Score Distribution
Percent of People with Each Score
Percentile by Number Answered
Your Score History
You have not taken this quiz